000 00722nas a2200253 4500
001 BR2013002033
003 BR-BrBNA
005 20231205122151.0
007 ta
008 230509b bl.|||p| |||| 00| 00por d
040 _aBR-BrBNA
_bpor
_cBiblioteca Nacional de Agricultura
041 _a(Pt)
072 _aL53
100 1 _aBortolozzo, F.P.
100 1 _aWentz, I.
245 1 _aManejo reprodutivo da fêmea suína de reposição
650 _aSUÍNO
650 _aFÊMEA
650 _aREPRODUÇÃO ANIMAL
650 _aMANEJO
773 0 _tA Hora Veterinária (Brazil)
_xISSN 0101-9163
_g(Jul-Aug 1999), v.19(110) p. 47-54
_wBR2013002033
909 _a202311
_bLúcia
_c55
_dLúcia Elande
942 _2AGRIS
_n0
_cANA
999 _c227255
_d227255